LEADER 01239nam a2200277 4500 001 000000343995 003 CaOOAMICUS 005 20210215153934.0 008 210127s1967 fr a 000 u fre r 040 $aSeMil$bita 100 1 $aRavier, André,$c.$0(OLS)http://semarc/name/18373 240 00$aSaint Bruno :$ble premier des ermites de Chartreuse /.$0(OLS)http://semarc/title/433057 245 10$aSaint Bruno :$ble premier des ermites de Chartreuse /$cAndré Ravier s.j. 264 1$aParigi :$bP. Lethielleux,$c1967. 300 $a214 p. :$bill. ;$c19 cm 490 1 $aApotres d'hier et d'aujourd'hui 541 0 $aFondo mons. Pasquale Macchi (3H I 569) 600 04$aBruno : di Colonia .$0(OLS)http://semarc/subject/49658 830 0$aApotres d'hier et d'aujourd'hui.$0(OLS)http://semarc/title/433058 850 $aSeMil 852 $aSeMil$W1$xVenegono$y1$m3H I 569$j224079$B235043$CSeMilBibl$Z2$F235043 $81 941 1 $a8 961 $aFondo mons. Pasquale Macchi 996 $6245$aSaint Bruno :$ble premier des ermites de Chartreuse$9(OLS)http://semarc/title/433057 996 $6264$aParigi :$bP. Lethielleux$9(OLS)http://semarc/publisher/31980 LEADER 01254nam a2200265 i 4500 001 000000197633 003 CaOOAMICUS 005 20121016000000.0 008 121016s2012 it u000 u ita u 013 $a176320 020 $a88-209-8861-6 040 $aSeMil$bita 100 1 $aLópez Illana, Francisco.$0(OLS)http://semarc/name/27016 245 10$aSviluppo dell'amore coniugale nella struttura giuridica del matrimonio /$cMons. Francisco López-Illana. 260 $aCittŕ del Vaticano :$bLibreria Editrice Vaticana,$c2012. 300 $aXXII, 304 p. ;$c24 cm. 650 4$aDiritto canonico.$0(OLS)http://semarc/subject/207 650 4$aMatrimonio - Amore coniugale - Diritto canonico.$0(OLS)http://semarc/subject/37064 650 4$aAmore coniugale.$0(OLS)http://semarc/subject/35073 850 $aSeMil 852 $aSeMil$W1$xVenegono$y1$m2H IV 93$j148189$B148189$CSeMilBibl$Z2$F159616 $81 961 $aAcquisto: L.S. srl 996 $6020$a88-209-8861-6$9(OLS)http://semarc/number/189794 996 $6245$aSviluppo dell'amore coniugale nella struttura giuridica del matrimonio$9(OLS)http://semarc/title/285398 996 $6260$aCittŕ del Vaticano :$bLibreria Editrice Vaticana$9(OLS)http://semarc/publisher/29734